Europa 1993. España ante el mercado único (Record no. 197146)

MARC details
000 -LEADER
campo de control de longitud fija 02319nim a2200421 i 4500
001 - NÚMERO DE CONTROL
campo de control 197146
003 - IDENTIFICADOR DE NÚMERO DE CONTROL
campo de control ES-MaACL
005 - FECHA Y HORA DE LA ÚLTIMA TRANSACCIÓN
campo de control 20251219215958.0
007 - CAMPO FIJO DE DESCRIPCIÓN FÍSICA--INFORMACIÓN GENERAL
campo de control de longitud fija ss lsnjlcipnne
008 - DATOS DE LONGITUD FIJA--INFORMACIÓN GENERAL
campo de control de longitud fija 250424s1990 sp nnnn |||| 00| spa d
040 ## - FUENTE DE CATALOGACIÓN
Lengua de catalogación spa
Centro/agencia transcriptor ES-MaACL
245 00 - MENCIÓN DEL TÍTULO
Título Europa 1993. España ante el mercado único
Medio [Grabación sonora] :
Resto del título mesa redonda /
Mención de responsabilidad, etc. con motivo de la presentación del libro colectivo del mismo título.
260 ## - PUBLICACIÓN, DISTRIBUCIÓN, ETC.
Lugar de publicación, distribución, etc. Madrid :
Nombre del editor, distribuidor, etc. Ateneo de Madrid,
Fecha de publicación, distribución, etc. 1990.
300 ## - DESCRIPCIÓN FÍSICA
Extensión 2 casetes (ca 180 min) :
Otras características físicas son. ;
Dimensiones 11 cm
490 1# - MENCIÓN DE SERIE
Materiales especificados Actos culturales en el Ateneo de Madrid
518 ## - NOTA DE FECHA/HORA Y LUGAR DE UN ACONTECIMIENTO
Nota de fecha/hora y lugar de un acontecimiento Grabado el 31 de enero de 1990 en el Salón de Actos del Ateneo de Madrid.
520 ## - RESUMEN, ETC.
Sumario, etc. Presentación del libro "Europa 1993. España ante el mercado único", una obra colectiva coordinada por Santos Miguel Ruesga Benito. En el acto intervendrán varios de sus autores: Pablo Martín Urbano, con su capítulo "Los transportes: Europa a más velocidad", David M. Rivas, con "El medio ambiente: El medio ambiente como elemento para el mercado y la política medioambiental de la Comunidad Europea", José María Mella Márquez, con "Las regiones: Las disparidades regionales en la CEE ante el mercado único", y José Manuel García de la Cruz, con "Norte/Sur: La Comunidad Europea y Latinoamérica".
540 ## - NOTA DE CONDICIONES DE USO Y REPRODUCCIÓN
Condiciones de uso y reproducción Documento inédito.
594 ## - Nota al título y mención de responsabilidad
a Datos basados en la invitación.
610 20 - PUNTO DE ACCESO ADICIONAL DE MATERIA--NOMBRE DE ENTIDAD CORPORATIVA
Nombre de entidad corporativa o nombre de jurisdicción como elemento de entrada Ateneo de Madrid-
Subdivisión general Actos culturales-
Subdivisión cronológica 1990-
Subdivisión de forma Grabaciones sonoras
9 (RLIN) 240083
610 04 - PUNTO DE ACCESO ADICIONAL DE MATERIA--NOMBRE DE ENTIDAD CORPORATIVA
Nombre de entidad corporativa o nombre de jurisdicción como elemento de entrada Comunidades Europeas-
Subdivisión general Política económica
9 (RLIN) 3141
Fuente del encabezamiento o término embne
651 #4 - PUNTO DE ACCESO ADICIONAL DE MATERIA--NOMBRE GEOGRÁFICO
Fuente del encabezamiento o término embne
9 (RLIN) 8405
Nombre geográfico España-
Subdivisión general Política económica
653 ## - TÉRMINO DE INDIZACIÓN--NO CONTROLADO
Término no controlado Archivo de la palabra
655 #0 - TERMINO DE INDIZACIÓN--GENERO/FORMA
Datos o término principal de género/forma Conferencias
9 (RLIN) 234444
700 1# - ENTRADA AGREGADA--NOMBRE PERSONAL
9 (RLIN) 93665
Nombre de persona Prat, José,
Término indicativo de función/relación presentador
Fechas asociadas al nombre 1905-1994
700 1# - ENTRADA AGREGADA--NOMBRE PERSONAL
Nombre de persona García de la Cruz, José Manuel
Término indicativo de función/relación Orador
9 (RLIN) 240138
700 1# - ENTRADA AGREGADA--NOMBRE PERSONAL
Nombre de persona Martín Urbano, Pablo
Término indicativo de función/relación Orador
9 (RLIN) 240139
700 1# - ENTRADA AGREGADA--NOMBRE PERSONAL
Nombre de persona Mella, Xosé María
Término indicativo de función/relación Orador
9 (RLIN) 240140
700 1# - ENTRADA AGREGADA--NOMBRE PERSONAL
Nombre de persona Rivas, David M.
Término indicativo de función/relación Orador
9 (RLIN) 97554
700 0# - ENTRADA AGREGADA--NOMBRE PERSONAL
Nombre de persona Ruesga Benito, Santos M.
Término indicativo de función/relación Orador
9 (RLIN) 100536
710 2# - ENTRADA AGREGADA--NOMBRE DE ENTIDAD CORPORATIVA
9 (RLIN) 1875
Nombre de entidad corporativa o nombre de jurisdicción como elemento de entrada Ateneo de Madrid
Término indicativo de función/relación Sede
830 #0 - PUNTO DE ACCESO ADICIONAL DE SERIE-TÍTULO UNIFORME
Título uniforme Actos culturales en el Ateneo de Madrid
9 (RLIN) 240237
852 ## - LOCALIZACIÓN
Ubicación ES-MaACL
Ubicación en estantería Depósito Z
Designación de la unidad física Cinta 1
itemnumber 205129
852 ## - LOCALIZACIÓN
Ubicación ES-MaACL
Ubicación en estantería Depósito Z
Designación de la unidad física Cinta 2
itemnumber 205130
942 ## - ELEMENTOS DE ENTRADA SECUNDARIOS (KOHA)
Fuente del sistema de clasificación o colocación Clasificación decimal universal
Suprimir en OPAC No
Tipo de ítem Koha Casete
Holdings
Estatus retirado Estado de pérdida Fuente del sistema de clasificación o colocación Especificación de materiales (volumen encuadernado u otra parte) Estado de daño No para préstamo Colección Biblioteca de origen Biblioteca actual Ubicación en estantería Fecha de adquisición Total de préstamos Signatura topográfica completa Código de barras Visto por última vez Precio de reemplazo Tipo de ítem Koha
    Clasificación decimal universal Cinta 1     Archivo de la palabra Biblioteca del Ateneo de Madrid Biblioteca del Ateneo de Madrid Depósito Z 29/04/2025   AP/917 2025-0038 29/04/2025 29/04/2025 Casete
    Clasificación decimal universal Cinta 2     Archivo de la palabra Biblioteca del Ateneo de Madrid Biblioteca del Ateneo de Madrid Depósito Z 29/04/2025   AP/918 2025-0039 29/04/2025 29/04/2025 Casete